[Event "San Rafael Cup Blind"]
[Site "San Rafael"]
[Date "2019.09.22"]
[Round "5.2"]
[White "Montenegro, Juan Carlos"]
[Black "Perrone, Gabriel"]
[Result "1/2-1/2"]
[WhiteElo "2115"]
[BlackElo "1861"]
[PlyCount "104"]
[EventDate "2019.09.20"]
[EventType "swiss"]
[EventRounds "5"]
[EventCountry "ARG"]
[SourceTitle "EXT 2024"]
[Source "ChessBase"]
[SourceDate "2023.10.10"]
[SourceVersion "1"]
[SourceVersionDate "2023.10.10"]
[SourceQuality "1"]

1. e4 c5 2. Nf3 d6 3. d4 cxd4 4. Nxd4 Nc6 5. Bb5 Bd7 6. 0-0 Nf6 7. Nc3 e6 8. Nb3 Be7 9. Qe2 0-0 10. Rd1 a6 11. Bxc6 bxc6 12. Bf4 e5 13. Bg5 Qc7 14. Qc4 Be6 15. Nd5 Bxd5 16. exd5 Nxd5 17. Rxd5 Bxg5 18. Rd3 Rfd8 19. Rad1 Be7 20. Rf3 Bf6 21. Qg4 Qe7 22. Na5 Rac8 23. Nc4 Qe6 24. Qxe6 fxe6 25. Rxd6 Rxd6 26. Nxd6 Rd8 27. Rd3 e4 28. Nxe4 Rxd3 29. Nxf6+ gxf6 30. cxd3 Kf7 31. Kf1 Kg6 32. Ke2 Kf5 33. Ke3 Ke5 34. d4+ Kd5 35. Kd3 h5 36. f4 a5 37. a3 h4 38. b4 axb4 39. axb4 e5 40. fxe5 fxe5 41. dxe5 Kxe5 42. g3 h3 43. Kc4 Ke4 44. Kc5 Kf3 45. Kxc6 Kg2 46. b5 Kxh2 47. b6 Kg2 48. b7 h2 49. b8Q h1Q 50. Qf4 Kh3+ 51. Kd6 Qd1+ 52. Kc7 Qg4 1/2-1/2

[Event "Realico Blind"]
[Site "Realico"]
[Date "2019.08.04"]
[Round "5.1"]
[White "Frances, Carlos"]
[Black "Montenegro, Juan Carlos"]
[Result "0-1"]
[WhiteElo "1692"]
[BlackElo "2100"]
[PlyCount "54"]
[EventDate "2019.08.02"]
[EventType "swiss"]
[EventRounds "5"]
[EventCountry "ARG"]
[SourceTitle "EXT 2024"]
[Source "ChessBase"]
[SourceDate "2023.10.10"]
[SourceVersion "1"]
[SourceVersionDate "2023.10.10"]
[SourceQuality "1"]

1. e4 e6 2. d4 d5 3. exd5 exd5 4. Nf3 Nf6 5. c4 Bb4+ 6. Bd2 Bxd2+ 7. Nbxd2 0-0 8. Be2 Nc6 9. 0-0 Re8 10. Re1 Bg4 11. Qb3 Na5 12. Qa4 b6 13. cxd5 Nxd5 14. Bb5 Re6 15. Rxe6 fxe6 16. Re1 Qd6 17. Ne5 Bh5 18. Ne4 Qb4 19. Qxb4 Nxb4 20. a3 Nc2 21. Rc1 Nxd4 22. Bd7 Ne2+ 23. Kf1 Nxc1 24. Bxe6+ Kh8 25. Ng5 h6 26. Nef7+ Bxf7 27. Nxf7+ Kh7 0-1

[Event "Realico Blind"]
[Site "Realico"]
[Date "2019.08.03"]
[Round "2.2"]
[White "Montenegro, Juan Carlos"]
[Black "Vello, Pablo"]
[Result "1-0"]
[WhiteElo "2100"]
[BlackElo "1760"]
[PlyCount "49"]
[EventDate "2019.08.02"]
[EventType "swiss"]
[EventRounds "5"]
[EventCountry "ARG"]
[SourceTitle "EXT 2024"]
[Source "ChessBase"]
[SourceDate "2023.10.10"]
[SourceVersion "1"]
[SourceVersionDate "2023.10.10"]
[SourceQuality "1"]

1. e4 e6 2. Nf3 d5 3. e5 c5 4. c3 Nc6 5. d4 Qb6 6. Bd3 Bd7 7. dxc5 Bxc5 8. 0-0 Nge7 9. Nbd2 Ng6 10. Nb3 Be7 11. Be3 Qc7 12. Bxg6 hxg6 13. Bf4 0-0-0 14. Nbd4 Kb8 15. Rb1 f6 16. Nb5 Qb6 17. exf6+ Ka8 18. Nc7+ Kb8 19. fxe7 Nxe7 20. Nxd5+ Ka8 21. Nxb6+ axb6 22. Ne5 Bc6 23. Qb3 Nd5 24. Qa3+ Kb8 25. Nxc6+ 1-0

[Event "Cordoba Acua final"]
[Site "Cordoba"]
[Date "2018.12.??"]
[Round "3.1"]
[White "Montenegro, Juan Carlos"]
[Black "Lopez, Jose Luis"]
[Result "1/2-1/2"]
[WhiteElo "1690"]
[BlackElo "1803"]
[PlyCount "68"]
[EventDate "2018.12.06"]
[EventType "swiss"]
[EventRounds "7"]
[EventCountry "ARG"]
[SourceTitle "EXT 2024"]
[Source "ChessBase"]
[SourceDate "2023.10.10"]
[SourceVersion "1"]
[SourceVersionDate "2023.10.10"]
[SourceQuality "1"]

1. d4 Nf6 2. Nf3 e6 3. c4 d5 4. e3 c5 5. Nc3 Nc6 6. Be2 Be7 7. 0-0 0-0 8. a3 a6 9. Re1 dxc4 10. Bxc4 b5 11. Bf1 Bb7 12. g3 cxd4 13. exd4 Qb6 14. Bg2 Rfd8 15. Be3 h6 16. Qe2 Nd5 17. Nxd5 exd5 18. Rac1 Bf6 19. Qd2 Rac8 20. h4 Na5 21. Rxc8 Rxc8 22. Ne5 Nc4 23. Nxc4 Rxc4 24. b3 Rc6 25. Bxd5 Rd6 26. Bxb7 Qxb7 27. Qd3 Qf3 28. Qe2 Qxe2 29. Rxe2 Bxd4 30. Bxd4 Rxd4 31. Re8+ Kh7 32. Ra8 Rd3 33. Rxa6 Rxb3 34. Kg2 g6 1/2-1/2

[Event "Cordoba Acua final"]
[Site "Cordoba"]
[Date "2018.12.??"]
[Round "6.3"]
[White "Montenegro, Juan Carlos"]
[Black "Saponara Caizzi, Jose Maria"]
[Result "1-0"]
[WhiteElo "1690"]
[BlackElo "1538"]
[PlyCount "65"]
[EventDate "2018.12.06"]
[EventType "swiss"]
[EventRounds "7"]
[EventCountry "ARG"]
[SourceTitle "EXT 2024"]
[Source "ChessBase"]
[SourceDate "2023.10.10"]
[SourceVersion "1"]
[SourceVersionDate "2023.10.10"]
[SourceQuality "1"]

1. d4 Nf6 2. c4 e6 3. Nf3 d5 4. e3 c5 5. Nc3 Nbd7 6. Be2 Be7 7. 0-0 0-0 8. a3 b6 9. Rb1 Bb7 10. cxd5 exd5 11. b3 Re8 12. Bb2 a6 13. Rc1 b5 14. dxc5 Nxc5 15. b4 Nce4 16. Nxe4 dxe4 17. Nd4 Rc8 18. Rc2 Qd7 19. Rd2 Qc7 20. Nf5 Rcd8 21. Bd4 Rd5 22. Nxe7+ Rxe7 23. Bxf6 Rxd2 24. Qxd2 gxf6 25. Rc1 Qb6 26. Rc5 Kg7 27. Qd4 Qe6 28. h3 Rd7 29. Qc3 Qa2 30. Bg4 Rd2 31. Rg5+ Kf8 32. Qc5+ Ke8 33. Rg8# 1-0

[Event "Pan American IBCA-ch 7th"]
[Site "San Luis"]
[Date "2018.11.04"]
[Round "2.10"]
[White "Montenegro, Juan Carlos"]
[Black "Espinosa, Daniel"]
[Result "1-0"]
[WhiteElo "1690"]
[BlackElo "1397"]
[PlyCount "37"]
[EventDate "2018.11.04"]
[EventType "swiss"]
[EventRounds "7"]
[EventCountry "ARG"]
[SourceTitle "EXT 2024"]
[Source "ChessBase"]
[SourceDate "2023.10.10"]
[SourceVersion "1"]
[SourceVersionDate "2023.10.10"]
[SourceQuality "1"]

1. d4 d6 2. c4 b6 3. e4 c5 4. Nf3 cxd4 5. Nxd4 e5 6. Nb3 Bb7 7. Nc3 h6 8. Bd3 Nc6 9. a3 Nf6 10. Nd5 Rc8 11. 0-0 a5 12. Be3 Nxd5 13. cxd5 Na7 14. Nd2 Be7 15. Qa4+ Kf8 16. Qb3 Rb8 17. Bxb6 Qc8 18. Bxa7 Ra8 19. Rac1 1-0